Teaching thinking skills across the middle years : a practical approach for children aged 9-14 /

Bibliographic Details
Corporate Author: National Association for Able Children in Education
Other Authors: Wallace, Belle, Bentley, Richard, 1944-
Format: Book
Language:English
Published: London : David Fulton in association with the National Association for Able Children in Education, 2002.
Subjects:

MARC

Tag First Indicator Second Indicator Subfields
LEADER 00000cam a2200000 a 4500
001 in00001682607
005 20151024134308.0
008 010910s2002 enka 001 0 eng
015 |a GBA1-V6301 
020 |a 1853467677 
035 |a (OCoLC)ocm47938856 
040 |a UKM  |c UKM  |d TXA  |d UtOrBLW 
049 |a TXAM 
082 0 4 |a 370.152  |2 21 
090 |a LB1590.3  |b .T433 2002 
245 0 0 |a Teaching thinking skills across the middle years :  |b a practical approach for children aged 9-14 /  |c edited by Belle Wallace and Richard Bentley. 
264 1 |a London :  |b David Fulton in association with the National Association for Able Children in Education,  |c 2002. 
300 |a xiv, 145 pages :  |b illustrations ;  |c 30 cm. 
336 |a text  |b txt  |2 rdacontent 
337 |a unmediated  |b n  |2 rdamedia 
338 |a volume  |b nc  |2 rdacarrier 
504 |a Includes bibliographical references and index. 
650 0 |a Thought and thinking. 
650 0 |a Problem solving in children. 
650 0 |a Education, Elementary. 
650 0 |a Education, Secondary. 
700 1 |a Wallace, Belle. 
700 1 |a Bentley, Richard,  |d 1944- 
710 2 |a National Association for Able Children in Education. 
948 |a cataloged  |b h  |c 2002/6/19  |d c  |e jgreene  |f 4:17:07 pm 
994 |a E0  |b TXA 
999 |a MARS 
999 f f |s 30bd7fcc-3d70-3b97-8c2a-3048efea4516  |i f96375ef-e826-379e-94a2-8c4037678240  |t 0 
952 f f |p normal  |a Texas A&M University  |b College Station  |c Sterling C. Evans Library  |d Evans: Library Stacks  |t 0  |e LB1590.3 .T433 2002  |h Library of Congress classification  |i unmediated -- volume  |m A14828967752 
998 f f |a LB1590.3 .T433 2002  |t 0  |l Evans: Library Stacks